000 00690nam a2200205Ii 4500
003 JO-AjNU
008 230605s9999||||xx |||||||||||||| ||und||
040 _aJO-AjNU
_bara
_erda
_cJO-AjNU
041 _aara
050 1 4 _aLB1029.G3.H89 2005
100 3 _aالهويدي،زيد,
_eauthor
_922436
245 0 0 _aالألعاب التربوية:إستراتيجية لتنمية التفكير
250 _aط2
264 3 1 _aالعين:دار الكتاب الجامعي،2005
300 _a326ص
336 _atext
_btxt
_2rdacontent
337 _aunmediated
_bn
_2rdamedia
338 _avolume
_bnc
_2rdacarrier
650 4 _aالألعاب التربوية-تربية الطفل
_922437
999 _aA7964
_c11532
_d11532